000 nam a22 a 4500
999 _c121481
_d121481
003 BLK
005 20220705082705.0
008 180409b bul|||||r ||||||| ||bul||
010 _aKNG00127105000
040 _aBLK
041 _aBUL
_cBUL
080 _aБългарска литература
_b821.163.2
_x-32
_z821.163.2-32
100 1 _aАржентински, Иван
_eпърви автор
_gВасилев, Иван Иванов
_933402
139 _aАржентински, Иван
245 1 0 _aСребърната пътека
_cИван Аржентински.
245 1 0 _aДалечна Патагония
_bПовести
257 _aBGR
260 _aСофия
_bБълг. писател
_c1970
300 _a528 с., 1 л.
_bпортр.
_c22 см
380 _aX
490 _aИзбрани произведения
_9203680
500 _aСребърната пътека - 2. изд. ; Далечна Патагония - 3. изд.
852 _aЦб 56619
_bЦб
942 _cKNG
_n0
_s1
944 _aCR
_c08.02.2012
_l08.02.2012 - от С1,Р / 08.02.2012
_kЕлица_Владова
944 _aED
_c2022-07-05
_kГГГ